1733 1072 1836 1797 1531 1682 2000 1113 1409 1916 1764 1932 1052 1063 1809 1317 1818 1637 1292 1276 1487 1754 1861 1336 1338 1334 1506 1982 1127 1867 1032 1478 1573 1503 1548 1689 1738 1522 1310 1869 1109 1751 1468 1174 1777 1531 1224 1659 1123 1662 1941 1708 1793 1277 1087 1752 1347 1813 1234 1410 1026 1821 1951 1047 1641 1747 1059 1260 1683 1957 1682 1967 1210 1845 1766 1456 1195 1042 1755 1220 1800 1978 1420 1712 1774 1874 1376 1484 1620 1031 1583 1177 1763 1926 1310 1914 1111 1969 1127 BCNSPRNW ULIB Ver.6.0+V

เปลี่ยนเป็นภาษาไทย

Change to English
 แสดงรายละเอียดบรรณานุกรม
  กลับหน้าหลัก

Brief Record : Get Marc (ISO 2709) : E-mail record : QR code < ปิดหน้าต่าง
LEADER : 00000nam 2200000uu 4500
001    13399120743
003     ULIB
008    121005s2548||||th 000 0 tha d
020    ^a9749003608
050 04 ^aBQ4570^bข251ธ
100 0  ^aขวัญ เพียงหทัย
245 10 ^aธรรมะรอบกองไฟ /^cขวัญ เพียงหทัย, อนุรักษ์ จันทร์โพธิ์ศรี
250    ^aพิมพ์ครั้งที่ 18
260    ^aกรุงเทพฯ :^bเรือนธรรม,^c2548
300    ^a223 หน้า ;^c21 ซม.
650  7 ^aธรรมะกับชีวิตประจำวัน
650  7 ^aพุทธศาสนากับชีวิตประจำวัน
650  7 ^aพุทธศาสนิกชน^xการดำเนินชีวิต
700 0  ^aอนุรักษ์ จันทร์โพธิ์ศรี
945    ^p60^l0^i15051
945    ^p60^l0^i17677
995    ^aวิภา
999 ^a ใช้งานได้ทุกระบบ
รายการนี้ยังไม่มีแท็ก
คุณยังไม่ได้ล็อกอิน คุณสามารถมีกิจกรรมร่วมกับเว็บไซต์ได้ แต่ต้องล็อกอินก่อน ::
  ล็อกอิน

รายการสื่อสารสนเทศ

ลำดับที่ ประเภท เลขเรียก/บาร์โค้ด สถานที่ สถานะ
1. วิทยาศาสตร์การแพทย์ และสุขภาพ
วิทยาศาสตร์การแพทย์ และสุขภาพ
BQ4570 ข251ธ  
  Barcode: 15051
ห้องสมุดวิทยาเขตสวรรค์ประชารักษ์
►หนังสือทั่วไป
บนชั้น
2. นวนิยาย
นวนิยาย
BQ4570 ข251ธ ฉ.2 
  Barcode: 17677
ห้องสมุดวิทยาเขตสวรรค์ประชารักษ์
►หนังสือทั่วไป
บนชั้น

รายการใกล้เคียง
    ผู้แต่ง [ขวัญ เพียงหทัย]

    หัวเรื่อง [ธรรมะกับชีวิตประจำวัน]
    หัวเรื่อง [พุทธศาสนากับชีวิตประจำวัน]

BibComment


ยังไม่เคยถูกคอมเมนท์

คอมเมนท์ทรัพยากรรายการนี้
  คอมเมนท์: ธรรมะรอบกองไฟ ข..


 Copyright 2026. Bcnsprnw @Library